[Event "Panevezys op-A 28th"]
[Site "Panevezys"]
[Date "2015.08.18"]
[Round "2"]
[White "Jakaityte, Ruta"]
[Black "Jankevicius, Nedas"]
[Result "1-0"]
[WhiteElo "1926"]
[BlackElo "1716"]
[PlyCount "85"]
[EventDate "2015.08.17"]
[EventType "swiss"]
[EventRounds "9"]
[EventCountry "LTU"]
[SourceTitle "EXT 2016"]
[Source "ChessBase"]
[SourceDate "2015.10.08"]
[SourceVersion "1"]
[SourceVersionDate "2015.10.08"]
[SourceQuality "1"]

1. e4 d6 2. d4 Nf6 3. Nc3 g6 4. Nf3 Bg7 5. Bc4 Nbd7 6. Bxf7+ Kxf7 7. Ng5+ Kg8 8. Ne6 Qe8 9. Nxc7 Qd8 10. Nxa8 b6 11. e5 Ne8 12. exd6 Nxd6 13. 0-0 Bb7 14. Nxb6 Qxb6 15. Qe2 Nf5 16. Qc4+ Kf8 17. Nb5 Ba6 18. a4 Bxd4 19. c3 Bf6 20. Qd5 Ne5 21. Rd1 Kg7 22. h3 Bb7 23. a5 Qa6 24. Nc7 Qe2 25. Ne6+ Kg8 26. Qb3 Nc4 27. Nf4 Qe4 28. Ra4 Ba6 29. Nd5 Be5 30. Ne3 Nfxe3 31. Bxe3 Kg7 32. Bxa7 Qf4 33. g3 Qf3 34. Rd7 Qc6 35. Rxe7+ Kf6 36. Rxe5 Bb7 37. Re6+ Qxe6 38. Qxb7 Rd8 39. Qf3+ Kg7 40. Bd4+ Rxd4 41. cxd4 Qe1+ 42. Kg2 Nd2 43. Qe3 1-0

[Event "Panevezys op-A 28th"]
[Site "Panevezys"]
[Date "2015.08.18"]
[Round "3"]
[White "Petrov, Dmitri"]
[Black "Jakaityte, Ruta"]
[Result "1/2-1/2"]
[WhiteElo "2104"]
[BlackElo "1926"]
[PlyCount "85"]
[EventDate "2015.08.17"]
[EventType "swiss"]
[EventRounds "9"]
[EventCountry "LTU"]
[SourceTitle "EXT 2016"]
[Source "ChessBase"]
[SourceDate "2015.10.08"]
[SourceVersion "1"]
[SourceVersionDate "2015.10.08"]
[SourceQuality "1"]

1. e4 c5 2. Nf3 d6 3. d4 cxd4 4. Qxd4 a6 5. Bc4 e6 6. Bg5 Qa5+ 7. Nc3 Nc6 8. Qe3 Nf6 9. 0-0 Be7 10. h3 0-0 11. Rad1 Qc7 12. Bf4 b5 13. Be2 Bb7 14. Rd2 Ne5 15. a3 Rfd8 16. Rfd1 Rac8 17. Bg3 Nfd7 18. Nxe5 Nxe5 19. Bxe5 dxe5 20. Rxd8+ Rxd8 21. Rxd8+ Qxd8 22. Bd3 Qd4 23. Ne2 Qxe3 24. fxe3 Bc5 25. Kf2 f5 26. Kf3 g5 27. Nc3 h5 28. Ke2 f4 29. Nd1 Kf7 30. Kf3 Kf6 31. c4 bxc4 32. Bxc4 a5 33. a4 g4+ 34. hxg4 hxg4+ 35. Kxg4 Bxe4 36. exf4 exf4 37. Kxf4 Bxg2 38. Nc3 e5+ 39. Kg3 Bc6 40. Kg4 Bd4 41. Nd5+ Bxd5 42. Bxd5 Bxb2 43. Kf3 1/2-1/2

[Event "LTU-ch sf (Women)"]
[Site "Vilnius"]
[Date "2015.02.23"]
[Round "7"]
[White "Jakaityte, Ruta"]
[Black "Malisauskiene, Marina"]
[Result "1/2-1/2"]
[WhiteElo "1925"]
[BlackElo "1982"]
[PlyCount "136"]
[EventDate "2015.02.18"]
[EventType "swiss"]
[EventRounds "8"]
[EventCountry "LTU"]
[SourceTitle "EXT 2018"]
[Source "ChessBase"]
[SourceDate "2017.10.13"]
[SourceVersion "1"]
[SourceVersionDate "2017.10.13"]
[SourceQuality "1"]

1. e4 e6 2. d4 d5 3. Nd2 Nf6 4. e5 Nfd7 5. Bd3 c5 6. c3 Nc6 7. Ne2 Qb6 8. Nf3 cxd4 9. cxd4 Bb4+ 10. Kf1 0-0 11. h4 f6 12. exf6 Nxf6 13. Bc2 Bd6 14. a3 Bd7 15. h5 Ne7 16. Qd3 Ne4 17. a4 Rac8 18. Nc3 Qc6 19. Be3 Nf5 20. Bd2 Qc4 21. Nxe4 Qxc2 22. Qxc2 Rxc2 23. Nxd6 Nxd6 24. Bb4 Ne4 25. Bxf8 Rxf2+ 26. Kg1 Kxf8 27. b4 Rb2 28. b5 a6 29. bxa6 bxa6 30. Kh2 Be8 31. h6 gxh6 32. Rhb1 Rxb1 33. Rxb1 Bxa4 34. Rb6 Bb5 35. Rxe6 Kg7 36. Re7+ Kg8 37. Ra7 Nd6 38. Kh3 Nf5 39. Kg4 Ne3+ 40. Kg3 Bd3 41. Nh4 Nc2 42. Nf3 Nb4 43. Ne5 Be4 44. Nd7 Bd3 45. Nf6+ Kf8 46. Nxh7+ Ke8 47. Nf6+ Kd8 48. Kf4 Kc8 49. Ke3 Bc4 50. Rh7 Nc2+ 51. Kf4 Nxd4 52. Ke5 Nb5 53. Nxd5 Bf1 54. g3 a5 55. Rxh6 Kb7 56. g4 a4 57. g5 a3 58. Nb4 Bc4 59. Rh1 Kb6 60. Nc2 Ka5 61. g6 a2 62. g7 Bb3 63. Nd4 Nxd4 64. Kxd4 Kb4 65. Kd3 Ka3 66. Kc3 Bg8 67. Rg1 Bh7 68. Ra1 Bg8 1/2-1/2

[Event "LTU-ch sf (Women)"]
[Site "Vilnius"]
[Date "2015.02.21"]
[Round "5"]
[White "Jakaityte, Ruta"]
[Black "Maciuityte, Greta"]
[Result "1-0"]
[WhiteElo "1925"]
[BlackElo "1645"]
[PlyCount "59"]
[EventDate "2015.02.18"]
[EventType "swiss"]
[EventRounds "8"]
[EventCountry "LTU"]
[SourceTitle "EXT 2018"]
[Source "ChessBase"]
[SourceDate "2017.10.13"]
[SourceVersion "1"]
[SourceVersionDate "2017.10.13"]
[SourceQuality "1"]

1. e4 c5 2. Nf3 d6 3. d4 cxd4 4. Nxd4 Nf6 5. Bd3 e6 6. c4 Be7 7. 0-0 0-0 8. Nc3 e5 9. Nc2 Nc6 10. a3 Re8 11. b4 Nb8 12. f3 Na6 13. Be3 Nc7 14. Qe2 Ne6 15. g3 Nf8 16. Rfd1 Bd7 17. Rac1 b6 18. Bf2 Qc8 19. Ne3 Nh5 20. Ned5 Bg5 21. Rc2 Ng6 22. Nb5 Bh3 23. Nxd6 Qe6 24. Nxe8 Ngf4 25. Nxf4 Bxf4 26. Nc7 Qg6 27. Nxa8 Bh6 28. Qe1 Nf4 29. Bf1 f6 30. c5 1-0

[Event "LTU-ch sf (Women)"]
[Site "Vilnius"]
[Date "2015.02.20"]
[Round "3"]
[White "Jakaityte, Ruta"]
[Black "Sibajeva, Marija"]
[Result "1/2-1/2"]
[WhiteElo "1925"]
[BlackElo "1871"]
[PlyCount "47"]
[EventDate "2015.02.18"]
[EventType "swiss"]
[EventRounds "8"]
[EventCountry "LTU"]
[SourceTitle "EXT 2018"]
[Source "ChessBase"]
[SourceDate "2017.10.13"]
[SourceVersion "1"]
[SourceVersionDate "2017.10.13"]
[SourceQuality "1"]

1. e4 e5 2. Nf3 Nc6 3. d4 exd4 4. Nxd4 Nf6 5. Nxc6 bxc6 6. Bd3 d5 7. 0-0 Bc5 8. exd5 cxd5 9. Re1+ Ne4 10. Bxe4 dxe4 11. Rxe4+ Be6 12. Qe2 0-0 13. Nc3 Bf5 14. Re5 Re8 15. Bf4 Bd4 16. Rxe8+ Qxe8 17. Qd2 Bxc3 18. Qxc3 Qe4 19. Qxc7 Rc8 20. Qe5 Qxe5 21. Bxe5 Rxc2 22. b4 f6 23. Bd6 Rb2 24. h3 1/2-1/2

[Event "LTU-chT (Women)"]
[Site "Lithuania"]
[Date "2015.02.16"]
[Round "5.5"]
[White "Griciute, Rosita"]
[Black "Jakaityte, Ruta"]
[Result "1/2-1/2"]
[WhiteElo "1601"]
[BlackElo "1925"]
[PlyCount "56"]
[EventDate "2015.01.24"]
[EventType "team-swiss"]
[EventRounds "7"]
[EventCountry "LTU"]
[SourceTitle "EXT 2018"]
[Source "ChessBase"]
[SourceDate "2017.10.13"]
[SourceVersion "1"]
[SourceVersionDate "2017.10.13"]
[SourceQuality "1"]
[WhiteTeam "Plunge Bokstas (W) II"]
[BlackTeam "Panevezys Nike (W)"]
[WhiteTeamCountry "LTU"]
[BlackTeamCountry "LTU"]

1. e4 c5 2. d4 cxd4 3. c3 Nf6 4. e5 Nd5 5. cxd4 e6 6. Bc4 Nb6 7. Bb3 d6 8. Nf3 Be7 9. 0-0 0-0 10. Nc3 Nc6 11. Be3 a6 12. Re1 d5 13. a3 Bd7 14. Bc2 Nc4 15. Qd3 g6 16. Bh6 Re8 17. Rab1 b5 18. Bb3 b4 19. Ne2 N6a5 20. Bxc4 Nxc4 21. a4 Bxa4 22. b3 Na3 23. bxa4 Nxb1 24. Rxb1 Qd7 25. Qb3 Rec8 26. h4 Rc4 27. h5 Rac8 28. Rb2 Qc6 1/2-1/2

[Event "LTU-chT (Women)"]
[Site "Lithuania"]
[Date "2015.01.25"]
[Round "2.3"]
[White "Bajoraite, Rita"]
[Black "Jakaityte, Ruta"]
[Result "1/2-1/2"]
[WhiteElo "1945"]
[BlackElo "1925"]
[PlyCount "166"]
[EventDate "2015.01.24"]
[EventType "team-swiss"]
[EventRounds "7"]
[EventCountry "LTU"]
[SourceTitle "EXT 2018"]
[Source "ChessBase"]
[SourceDate "2017.10.13"]
[SourceVersion "1"]
[SourceVersionDate "2017.10.13"]
[SourceQuality "1"]
[WhiteTeam "Kaunas LSM (W)"]
[BlackTeam "Panevezys Nike (W)"]
[WhiteTeamCountry "LTU"]
[BlackTeamCountry "LTU"]

1. d4 Nf6 2. Nf3 e6 3. g3 c5 4. Bg2 Nc6 5. 0-0 a6 6. c4 cxd4 7. Nxd4 Bc5 8. Nb3 Be7 9. Nc3 0-0 10. e4 d6 11. Be3 Ne5 12. Qd4 Qc7 13. Nd2 Neg4 14. h3 Nxe3 15. Qxe3 Bd7 16. Rfe1 Rfe8 17. e5 dxe5 18. Qxe5 Bd6 19. Qe2 Qb6 20. Nde4 Nxe4 21. Nxe4 Be7 22. c5 Qc7 23. Rad1 Rab8 24. Nd6 Red8 25. Qf3 Bxd6 26. cxd6 Qb6 27. b3 Bc6 28. Qf4 Bxg2 29. Kxg2 Rd7 30. Re4 Rbd8 31. Rb4 Qc6+ 32. Qf3 Qc8 33. Rc4 Qb8 34. Rc7 f6 35. Qc3 Qa8 36. f3 Kf7 37. Qc4 b5 38. Qc5 e5 39. Rc6 Qa7 40. Qd5+ Kg6 41. Qe4+ Kh6 42. Rd3 a5 43. g4 g6 44. h4 Re8 45. g5+ fxg5 46. hxg5+ Kg7 47. f4 Rf7 48. Rf3 Qd4 49. Qxd4 exd4 50. Kg3 Rd7 51. Rb6 a4 52. b4 Re6 53. Rd3 Rexd6 54. Rxb5 Rc6 55. Rc5 Rxc5 56. bxc5 a3 57. Kf3 Rc7 58. Rxa3 Rxc5 59. Ke4 Rf5 60. Ra7+ Kg8 61. Ra4 Rf7 62. Rxd4 h5 63. gxh6 Kh7 64. a4 Kxh6 65. a5 g5 66. fxg5+ Kxg5 67. Rd5+ Kg4 68. Ke5 Rf1 69. Rd4+ Kg5 70. Kd6 Ra1 71. Rd5+ Kf6 72. Rc5 Rd1+ 73. Kc7 Ra1 74. Rc6+ Ke7 75. a6 Ra2 76. Kb7 Kd7 77. Rh6 Rc2 78. Rh7+ Kd6 79. Kb8 Rb2+ 80. Rb7 Rg2 81. Rh7 Kc6 82. Rh6+ Kb5 83. Rh5+ Kxa6 1/2-1/2

[Event "Palanga Baltija op-A"]
[Site "Palanga"]
[Date "2014.06.18"]
[Round "4"]
[White "Jakaityte, Ruta"]
[Black "Semjonovs, Ilja"]
[Result "1-0"]
[WhiteElo "1958"]
[BlackElo "1790"]
[PlyCount "99"]
[EventDate "2014.06.16"]
[EventType "swiss"]
[EventRounds "9"]
[EventCountry "LTU"]
[SourceTitle "CBM 161 Extra"]
[Source "ChessBase"]
[SourceDate "2014.08.29"]
[SourceVersion "1"]
[SourceVersionDate "2014.08.29"]
[SourceQuality "1"]

1. e4 c5 2. Nf3 d6 3. d4 cxd4 4. Nxd4 Nf6 5. Bd3 Nc6 6. Be3 g6 7. c3 Bg7 8. h3 a6 9. a4 Nd7 10. Nxc6 bxc6 11. Nd2 Bb7 12. 0-0 c5 13. f4 0-0 14. f5 Ne5 15. Bc2 Rc8 16. fxg6 hxg6 17. Qe1 e6 18. Qg3 a5 19. Rab1 Ba6 20. Rf2 Bf6 21. Nf3 Nxf3+ 22. Qxf3 Bh4 23. g3 Bg5 24. Bxg5 Qxg5 25. h4 Qh6 26. Rd1 Rcd8 27. e5 d5 28. Qf6 Qg7 29. Qg5 d4 30. cxd4 cxd4 31. Be4 d3 32. Rf6 Kh8 33. Bxg6 d2 34. Qh5+ Kg8 35. Bxf7+ Rxf7 36. Rg6 Rd3 37. Qg4 Kh8 38. Rxg7 Rxg7 39. Qh5+ Kg8 40. Qe8+ Kh7 41. Qa8 Rgxg3+ 42. Kf2 Bc4 43. Qe4+ Kg7 44. Qf4 Bb3 45. Rxd2 Rgf3+ 46. Qxf3 Rxf3+ 47. Kxf3 Bxa4 48. Kf4 Kg6 49. Kg4 Bb3 50. Rd8 1-0

[Event "Palanga Baltija op-A"]
[Site "Palanga"]
[Date "2014.06.16"]
[Round "1"]
[White "Liutvinas, Laurynas"]
[Black "Jakaityte, Ruta"]
[Result "1/2-1/2"]
[WhiteElo "1597"]
[BlackElo "1958"]
[PlyCount "80"]
[EventDate "2014.06.16"]
[EventType "swiss"]
[EventRounds "9"]
[EventCountry "LTU"]
[SourceTitle "CBM 161 Extra"]
[Source "ChessBase"]
[SourceDate "2014.08.29"]
[SourceVersion "1"]
[SourceVersionDate "2014.08.29"]
[SourceQuality "1"]

1. d4 Nf6 2. c4 e6 3. Nc3 Bb4 4. Bd2 0-0 5. Nf3 b6 6. a3 Bxc3 7. Bxc3 Ne4 8. Qc2 Bb7 9. e3 d6 10. Bd3 f5 11. 0-0 Nxc3 12. bxc3 Bxf3 13. gxf3 Qh4 14. Kh1 Nd7 15. Rg1 Qh5 16. Qe2 e5 17. Rg2 Rf6 18. Rag1 Rg6 19. Rxg6 hxg6 20. f4 Qxe2 21. Bxe2 exf4 22. exf4 Kf7 23. Bf3 Re8 24. Bc6 Re7 25. Bxd7 Rxd7 26. Re1 c5 27. d5 Re7 28. Rxe7+ Kxe7 29. Kg2 Kf6 30. h4 Ke7 31. Kf3 Kd7 32. Ke3 Kc7 33. Kd3 Kb7 34. Kc2 Ka6 35. a4 Ka5 36. Kb3 a6 37. f3 b5 38. axb5 axb5 39. cxb5 Kxb5 40. c4+ Ka5 1/2-1/2

[Event "LTU-chT (Women)"]
[Site "Lithuania"]
[Date "2014.03.16"]
[Round "5"]
[White "Vedrickiene, Jovita"]
[Black "Jakaityte, Ruta"]
[Result "1-0"]
[WhiteElo "2040"]
[BlackElo "1980"]
[PlyCount "95"]
[EventDate "2014.02.08"]
[EventType "team-tourn"]
[EventRounds "5"]
[EventCountry "LTU"]
[SourceTitle "EXT 2016"]
[Source "ChessBase"]
[SourceDate "2015.10.08"]
[SourceVersion "1"]
[SourceVersionDate "2015.10.08"]
[SourceQuality "1"]

1. e4 c5 2. d3 Nc6 3. g3 g6 4. Bg2 Bg7 5. f4 d6 6. Nf3 e6 7. c3 Nge7 8. 0-0 0-0 9. Be3 Qc7 10. Bf2 Rb8 11. d4 cxd4 12. cxd4 d5 13. e5 b6 14. Nc3 Ba6 15. Re1 Qb7 16. a3 Rbc8 17. Rc1 Qd7 18. b4 Bc4 19. g4 b5 20. Nd2 a5 21. Nxc4 bxc4 22. b5 Na7 23. Rb1 Rb8 24. a4 Nac8 25. Bh4 Re8 26. Re3 h6 27. Rh3 Kh7 28. Qd2 Qa7 29. Kh1 Rf8 30. Bg5 Qd7 31. Ne2 Ng8 32. Qxa5 f6 33. Bh4 fxe5 34. fxe5 Nb6 35. Qb4 Rf7 36. a5 Na8 37. b6 Nc7 38. Qd2 Na6 39. Nf4 Bf8 40. Bg5 Rb7 41. Qc2 Rg7 42. Bxh6 Nxh6 43. g5 Rg8 44. Nh5 Qd8 45. Nf6+ Kg7 46. gxh6+ Kf7 47. Nxg8 Nb4 48. Rf3+ 1-0

[Event "LTU-ch sf (Women)"]
[Site "Vilnius"]
[Date "2014.02.23"]
[Round "7"]
[White "Malisauskiene, Marina"]
[Black "Jakaityte, Ruta"]
[Result "0-1"]
[WhiteElo "1999"]
[BlackElo "1980"]
[PlyCount "100"]
[EventDate "2014.02.17"]
[EventType "swiss"]
[EventRounds "7"]
[EventCountry "LTU"]
[SourceTitle "CBM 158 Extra"]
[Source "ChessBase"]
[SourceDate "2014.02.28"]
[SourceVersion "1"]
[SourceVersionDate "2014.02.28"]
[SourceQuality "1"]

1. d4 Nf6 2. Nf3 e6 3. c4 Bb4+ 4. Bd2 Bxd2+ 5. Qxd2 d6 6. Nc3 Nbd7 7. g3 b6 8. Bg2 Bb7 9. 0-0 0-0 10. Rfe1 Re8 11. e4 e5 12. d5 Nf8 13. Nh4 N6d7 14. Nf5 Ng6 15. b4 a5 16. a3 Ne7 17. Ne3 Rf8 18. Bh3 Kh8 19. f4 exf4 20. gxf4 Ng6 21. Qf2 Bc8 22. Bf5 Qf6 23. Rac1 Qh4 24. Bxg6 Qxf2+ 25. Kxf2 fxg6 26. Kg3 Nf6 27. f5 axb4 28. axb4 gxf5 29. Nxf5 Nxe4+ 30. Rxe4 Bxf5 31. Re7 Kg8 32. Nb5 Rf7 33. Rxf7 Kxf7 34. Nxc7 Ra3+ 35. Kf4 Bd7 36. h4 Ra4 37. b5 Kf6 38. Ke4 g6 39. Kd4 Ra2 40. Re1 Rh2 41. Rf1+ Bf5 42. Ne8+ Ke7 43. Re1+ Kd8 44. Nxd6 Rxh4+ 45. Ke5 Bd3 46. Ra1 Bxc4 47. Ra8+ Ke7 48. Re8+ Kd7 49. Nxc4 Kxe8 50. Nxb6 Rb4 0-1

[Event "LTU-chT (Women)"]
[Site "Lithuania"]
[Date "2013.02.09"]
[Round "3"]
[White "Jakaityte, Ruta"]
[Black "Idzeliene, Asta"]
[Result "1/2-1/2"]
[WhiteElo "1970"]
[BlackElo "1707"]
[PlyCount "93"]
[EventDate "2013.01.19"]
[EventType "team-tourn"]
[EventRounds "7"]
[EventCountry "LTU"]
[SourceTitle "CBM 152 Extra"]
[Source "ChessBase"]
[SourceDate "2013.02.25"]
[SourceVersion "1"]
[SourceVersionDate "2013.02.25"]
[SourceQuality "1"]

1. e4 c6 2. d4 d5 3. Nd2 dxe4 4. Nxe4 Bf5 5. Ng3 Bg6 6. Nf3 Nf6 7. Ne5 Nbd7 8. Nxg6 hxg6 9. Bd3 e6 10. h3 Bd6 11. 0-0 Qc7 12. Ne2 Ng4 13. c4 Bh2+ 14. Kh1 0-0-0 15. f4 Ndf6 16. Rf3 Rh7 17. Qf1 Rdh8 18. Bd2 Qd6 19. b4 Nd7 20. Be1 Ndf6 21. a3 Nh5 22. Bd2 Nhf6 23. Rc1 Kb8 24. Rc3 Ka8 25. Be1 Ne8 26. Bb1 Nef6 27. Bg3 Bxg3 28. Rxg3 Rh4 29. Qf3 Nh6 30. Rg5 Nf5 31. Bxf5 exf5 32. Ng3 Rxf4 33. Qe2 Rxd4 34. Rf3 Ne4 35. Nxe4 Rxe4 36. Re3 Rhe8 37. Qd3 Qe7 38. Rxe4 fxe4 39. Qe3 Qe6 40. Ra5 a6 41. b5 Qxc4 42. bxa6 bxa6 43. Qb6 Qf1+ 44. Kh2 Qf4+ 45. Kh1 Qc1+ 46. Kh2 Qf4+ 47. Kh1 1/2-1/2

[Event "LTU-chT (Women)"]
[Site "Lithuania"]
[Date "2013.02.09"]
[Round "4"]
[White "Jakaityte, Ruta"]
[Black "Ziogaite, Jovita"]
[Result "1-0"]
[WhiteElo "1970"]
[BlackElo "2058"]
[PlyCount "73"]
[EventDate "2013.01.19"]
[EventType "team-tourn"]
[EventRounds "7"]
[EventCountry "LTU"]
[SourceTitle "CBM 152 Extra"]
[Source "ChessBase"]
[SourceDate "2013.02.25"]
[SourceVersion "1"]
[SourceVersionDate "2013.02.25"]
[SourceQuality "1"]

1. e4 c5 2. Nf3 e6 3. d4 cxd4 4. Nxd4 Qb6 5. Nb3 Qc7 6. Bd3 a6 7. 0-0 Nf6 8. Nc3 b5 9. a3 Bb7 10. Qe1 d6 11. f4 Nbd7 12. Kh1 Be7 13. Be3 0-0 14. f5 e5 15. Qg3 Kh8 16. Qf3 Nc5 17. Nxc5 dxc5 18. Nd5 Bxd5 19. exd5 c4 20. Be4 Rad8 21. Rad1 c3 22. b4 Qc4 23. Bg5 Nxe4 24. Bxe7 Nd2 25. Qf2 Nxf1 26. Qxf1 Qxf1+ 27. Rxf1 Kg8 28. Rd1 Rd7 29. Bxf8 Kxf8 30. Kg1 Ke7 31. Kf2 Kf6 32. g4 g6 33. fxg6 hxg6 34. Kf3 Ke7 35. Ke4 Kd6 36. Rf1 Rc7 37. Rf6+ 1-0

[Event "LTU-chT (Women)"]
[Site "Lithuania"]
[Date "2013.01.19"]
[Round "1"]
[White "Jakaityte, Ruta"]
[Black "Juknaite, Aneta"]
[Result "1-0"]
[WhiteElo "1970"]
[BlackElo "1657"]
[PlyCount "69"]
[EventDate "2013.01.19"]
[EventType "team-tourn"]
[EventRounds "7"]
[EventCountry "LTU"]
[SourceTitle "CBM 152 Extra"]
[Source "ChessBase"]
[SourceDate "2013.02.25"]
[SourceVersion "1"]
[SourceVersionDate "2013.02.25"]
[SourceQuality "1"]

1. e4 e5 2. Nf3 Nc6 3. d4 exd4 4. Nxd4 Bc5 5. Be3 Qf6 6. c3 Nge7 7. Bc4 d6 8. 0-0 Bd7 9. Nc2 0-0-0 10. Nd2 Ne5 11. Be2 Bxe3 12. Nxe3 N7g6 13. Nd5 Qh4 14. Qc1 c6 15. Ne3 Nf4 16. Bd1 Nh3+ 17. gxh3 Bxh3 18. Be2 Bxf1 19. Qxf1 h5 20. Kh1 Ng4 21. Nxg4 hxg4 22. Qg2 Kc7 23. Bxg4 Rh6 24. Rd1 Rdh8 25. Nf1 Rg6 26. Ne3 Rgh6 27. h3 g6 28. e5 d5 29. c4 f5 30. exf6 d4 31. Rxd4 Qxf6 32. Qg3+ Kb6 33. c5+ Kb5 34. Nc2 Rd8 35. Qb3+ 1-0

[Event "LTU-ch (Women)"]
[Site "Vilnius"]
[Date "2012.04.27"]
[Round "6.2"]
[White "Jakaityte, Ruta"]
[Black "Vanagaite, Giedre"]
[Result "1/2-1/2"]
[WhiteElo "1970"]
[BlackElo "1981"]
[PlyCount "48"]
[EventDate "2012.04.22"]
[EventType "tourn"]
[EventRounds "11"]
[EventCountry "LTU"]
[SourceTitle "CBM 148 Extra"]
[Source "ChessBase"]
[SourceDate "2012.06.22"]
[SourceVersion "1"]
[SourceVersionDate "2012.06.22"]
[SourceQuality "1"]

1. e4 c5 2. Nf3 e6 3. d4 cxd4 4. Nxd4 a6 5. c4 Qc7 6. a3 Nf6 7. Nc3 d6 8. Be2 Be7 9. 0-0 0-0 10. Be3 b6 11. Rc1 Bb7 12. f3 Nbd7 13. b4 Rac8 14. Qd2 Rfd8 15. Rfd1 Qb8 16. Qe1 Ne5 17. Qf1 a5 18. Nb3 axb4 19. axb4 Bc6 20. b5 Ba8 21. Na4 Ned7 22. Qf2 Nc5 23. Naxc5 dxc5 24. Qe1 Rxd1 1/2-1/2